| 000 | 00526nam a22001577a 4500 | ||
|---|---|---|---|
| 003 | SGT | ||
| 020 | _a9788120327863 | ||
| 082 |
_a621.3825 _bMIT |
||
| 100 | _aMITA,MONJIT | ||
| 245 | _aSATELLITE COMMUNICATION | ||
| 260 |
_aNEW DELHI _bPHI _c2014 |
||
| 300 | _a166 | ||
| 650 | _aELECTRONICS ENGINEERING | ||
| 653 | _aSATELLITE, SATELLITE, ORBITS AND INCLINATION, SPACECRAFT AND ITS SUBSYSTEM, SATELLITE, LINK DESIGN, ANOLOG SATELLITE, COMMUNICATION, DIGITAL SATELLITE COMMUNICATION,MULTIPLE ACCESS TECHNIQUES | ||
| 942 |
_2ddc _cBK |
||
| 999 |
_c8228 _d8228 |
||